000 00695nam a2200265Ia 4500
005 20250425161128.0
008 250425s9999 xx 000 0 und d
020 _a0870551906
041 _aeng
082 _a664.028
100 _aFARRALL, ARTHUR WILLIAM
245 0 _aFOOD ENGINEERING SYSTEMS: OPERATIONS
250 _aS.E.
260 _aEstados Unidos
_bAVI
_c1976
260 _aWESTPORT
300 _a615
500 _aconsultar 13611 v.1 en BIBTEC
650 _aELABORACION DE ALIMENTOS
650 _aINDUSTRIA ALIMENTARIA
650 _aINGENIERIA DE ALIMENTOS
650 _aPROPIEDADES ALIMENTARIAS
650 _aPROPIEDADES FISICAS
942 _c01
010 _a13333
999 _c202996
_d202996